History Quiz

Random History or Grab Bag Quiz

Decide the Decade: 15 Categories Quiz Stats

 Plays Quiz Updated Sep 23, 2017

Challenge
Share
Tweet
Embed
Score 0/15 Timer 03:00
3 Plays Today
Question Answer Wrong Answers
Literature
Stephen King's The Shining is published.
1970s
63.5%
1980s
19.6%
1950s
2.2%
1960s
11.1%
Television
The final episode of M*A*S*H airs as a 2½ hour television movie.
1980s
62.7%
1970s
21.5%
1990s
8.8%
1960s
3.1%
Just For Fun
The Rubik's Cube is invented by Hungarian designer Ernő Rubik.
1970s
59.4%
1960s
15.9%
1950s
11.2%
1940s
9.7%
Miscellaneous
Coca-Cola is first developed by pharmacist John Pemberton.
1880s
58.6%
1900s
14.3%
1910s
14.4%
1920s
8.9%
Science
Watson and Crick publish their article detailing the structure of DNA.
1950s
54.2%
1940s
17.5%
1930s
13.6%
1920s
10.8%
Movies
Roger Moore plays James Bond for the last time.
1980s
53.1%
1970s
24.2%
1990s
10.9%
1960s
8%
History
Kaiser Wilhelm II abdicates as German Emperor.
1910s
52.2%
1920s
23.3%
1880s
11%
1900s
9.7%
Entertainment
Hair debuts on Broadway.
1960s
49.8%
1970s
29.7%
1980s
11.5%
1950s
5%
Music
Miles Davis records his legendary album Kind of Blue.
1950s
40.9%
1940s
18.4%
1960s
27.1%
1930s
9.6%
Holiday
Martin Luther King Jr. Day becomes an American federal holiday.
1980s
40.6%
1970s
18%
1990s
28.6%
2000s
9.1%
Sports
The Orlando Magic join the NBA.
1980s
38.8%
1970s
15%
1990s
35.2%
1960s
7.2%
Geography
Montenegro officially splits away from Serbia.
2000s
34.1%
1990s
43.2%
1970s
7.7%
1980s
11.2%
Religion
The Church of Jesus Christ of Latter-day Saints is established.
1830s
33.4%
1810s
11.3%
1850s
26.9%
1870s
24.5%
Language
Noah Webster publishes his first dictionary.
1800s
27.3%
1890s
10.9%
1850s
23.9%
1820s
33.9%
Gaming
Nintendo is founded, originally as a playing card company.
1880s
22.7%
1910s
12.5%
1930s
20.9%
1940s
40.1%

You're not logged in!

Compare scores with friends on all Sporcle quizzes.
OR
Log In

You Might Also Like...

Show Comments

Extras

Top Quizzes Today


Score Distribution

Your Account Isn't Verified!

In order to create a playlist on Sporcle, you need to verify the email address you used during registration. Go to your Sporcle Settings to finish the process.

Report this User

Report this user for behavior that violates our Community Guidelines.

Details: